000 00256nam a2200109Ia 4500
008 220216s9999 xx 000 0 und d
100 _aJacob James
245 0 _aCarbon dioxidinte alavu kurackan
260 _bRubber
_c2010
300 _a14-Dec
942 _cML
999 _c72912
_d72912